000 00338nam a2200145Ia 4500
008 191201s2008 xx 000 0 und d
082 _a006.76
_bMAA
100 _aMACDONALD, Matthew
245 0 _aASP. NET: The Complete Reference
250 _aRep.
260 _aN.Delhi
_bTMH
_c2008
300 _a977
650 _aMCA
942 _2ddc
_cBK
999 _c3781
_d3781